Science Quiz

Random Science or Anatomy Quiz

The Digestion Progression Challenge Quiz Stats

 Plays Quiz Updated Jun 14, 2016

Support Sporcle.
Go Orange.
Score 0/16 Timer 02:00
0 Plays Today
% Correct
???
99.6%
???
70.8%
???
67.3%
???
40%
???
36.6%
???
31.1%
???
23.5%
???
18.7%
% Correct
???
16.8%
???
12%
???
10.1%
???
9.6%
???
9.3%
???
8.8%
???
8.1%
???
8.1%

You're not logged in!

Compare scores with friends on all Sporcle quizzes.
OR
Log In
Forgot?

From the Vault

1-10 Letter Z Words

by sproutcm

It may be last in the alphabet, but it's first in our hearts.
Remove Ads.
Support Sporcle.
Get the best of Sporcle when you Go Orange. This ad-free experience offers more features, more stats, and more fun while also helping to support Sporcle. Thank you for becoming a member.

Show Comments

Extras

Top Quizzes Today


Score Distribution

Your Account Isn't Verified!

In order to create a playlist on Sporcle, you need to verify the email address you used during registration. Go to your Sporcle Settings to finish the process.

Report this User

Report this user for behavior that violates our Community Guidelines.

Details: